Statistiques concernant Devinez le Pays Mystère #82

Cliquez ici pour prendre le quiz!

Statistiques générales

  • Ce quiz a été pris 212 fois
  • Le résultat moyen est 11 sur 19

Statistiques - réponses

Type de RéponseRéponse% Correct
Lettre TrouvéeA
99%
Lettre TrouvéeI
94%
Lettre TrouvéeN
92%
Lettre TrouvéeR
86%
Lettre TrouvéeG
84%
Lettre TrouvéeU
81%
Lettre TrouvéeS
72%
Lettre TrouvéeO
53%
Lettre Bien PlacéeU
46%
Lettre Bien PlacéeI
45%
Lettre Bien PlacéeN
40%
Lettre Bien PlacéeA
38%
Lettre Bien PlacéeS
38%
Lettre Bien PlacéeG
31%
Lettre Bien PlacéeO
31%
Lettre TrouvéeP
31%
Lettre Bien PlacéeP
31%
Lettre Bien PlacéeR
31%
Pays MystèreSingapour
31%

Distribution des résultats

Percentile par nombre de réponses

% des personnes avec chaque résultat

Votre développement - résultats

Vous n’avez pas pris ce quiz